Statistics for Half-Life Games

Click here to take the quiz!

General Stats

  • This quiz has been taken 476 times
  • The average score is 6 of 10

Answer Stats

ReleasedAnswer% Correct
1998Half-Life
100%
2004Half-Life 2
98%
2001Half-Life: Blue Shift
83%
2007Half-Life 2: Episode 2
80%
2006Half-Life 2: Episode 1
79%
1999Half Life: Opposing Force
75%
2004Half-Life: Source
45%
2004Half-Life 2: Deathmatch
36%
2005Half-Life 2: Lost Coast
32%
2006Half-Life Deathmatch: Source
15%

Score Distribution

Percentile by Number Answered

Percent of People with Each Score

Your Score History

You have not taken this quiz